| 000 | 00792nam a22002177a 4500 | ||
|---|---|---|---|
| 003 | 0 | ||
| 005 | 20250129101332.0 | ||
| 008 | 150827b xxu||||| |||| 00| 0 eng d | ||
| 050 |
_aPGS HQ 799.2.I5 _b.B662 2015 |
||
| 100 | _aBo, Sim Hyun. | ||
| 245 |
_aGender and internet usage / _cSim Hyun Bo. |
||
| 260 |
_aLas PiƱas City, Philippines : _bSouthville International School and Colleges, _c2015. |
||
| 300 |
_a24 p. : _bill. ; _c28 cm. _fPASS |
||
| 504 | _aIncludes bibliographical references. | ||
| 650 |
_2Library of Congress Subject Headings _aInternet and children. |
||
| 650 |
_2Library of Congress Subject Headings _aGender differences in education. |
||
| 650 | _aInternet and education. | ||
| 650 | _aChild development. | ||
| 650 | _aSixth grade (Education). | ||
| 942 |
_2lcc _cPASS |
||
| 999 |
_c288542 _d288542 |
||